AK’s General Knowledge A-Z #23 - Statistics

General Stats
  • This quiz has been taken 653 times
  • The average score is 18 of 26
Answer Stats
Hint Answer % Correct
B – Michael Jackson’s megahit “____ Jean”, or first name of singer Eilish Billie
98%
N – country where The Lord of the Rings trilogy was filmed entirely New Zealand
92%
D – Grey and Swayze’s dancing, or Clint Eastwood’s Harry Dirty
91%
S – a small, nondescript bird, or Johnny Depp’s non-nondescript pirate Jack Sparrow
90%
V – country where Maracaibo is the second largest city Venezuela
86%
O – Danish architect Jørn Utzon designed the Sydney _____ _____ Opera House
85%
W – a nickname for the lacrosse stick, a hair-curling appliance, or a wizard’s tool Wand
84%
J – former NBA star Earvin, nickname “Magic” Johnson
81%
Y – a more familiar name for the Huang He River Yellow River
79%
F – a colloquial term for the violin, or something you do with your phone Fiddle
78%
A – the first president to live in the White House John Adams
78%
G – murder, bloodshed, violence, or Al with an inconvenient truth Gore
73%
X – hugs and kisses XOXO
73%
P – black in the first stamp, or the Beatles’ Lane Penny
72%
C – Monty Python’s Flying ____; an originally Latin word meaning racecourse or space where games are held Circus
71%
M – if I ran from this village to Athens, I’d certainly drop dead too Marathon
70%
Z – a videotelephony program; the 5th most downloaded mobile app worldwide in 2020 Zoom
69%
E – is 40,075 km (24,901 mi.) long Equator
68%
L – League of ______: a 2009 multiplayer online battle arena video game Legends
66%
T – a formal offer to buy or sell something, or how Elvis should be loved Tender
61%
H – profession that used to be prone to mercury poisoning leading to a psychiatric syndrome (like in Alice in Wonderland) Hatter
59%
U – _____Health Group: the sixth largest U.S. company by revenue in 2020 United
56%
Q – _____ Riot, band who famously covered “Cum on Feel the Noize” Quiet
48%
K – daughter of the Bundy family in Married... with Children Kelly
43%
R – German physicist Wilhelm who discovered X-rays Röntgen
32%
I – is “ιδιώτης” in Greek, or Prince Myshkin in Dostoevsky Idiot
22%
No matching quizzes found
Score Distribution
Percent of People with Each Score
Percentile by Number Answered
Your Score History
You have not taken this quiz